<?xml version="1.0" encoding="UTF-8"?>
<collection xmlns="http://www.loc.gov/MARC21/slim">
 <record>
  <leader>01095pamaa2200217   4500</leader>
  <controlfield tag="001">0000022070</controlfield>
  <controlfield tag="005">20140923090000.0</controlfield>
  <datafield tag="020" ind1="0" ind2="0">
   <subfield code="a">[ nil ] </subfield>
  </datafield>
  <datafield tag="090" ind1="0" ind2="0">
   <subfield code="a">T55.9 </subfield>
   <subfield code="b">YEE 1998</subfield>
  </datafield>
  <datafield tag="100" ind1="1" ind2="0">
   <subfield code="a">YEE WAI KHUEN </subfield>
  </datafield>
  <datafield tag="245" ind1="1" ind2="0">
   <subfield code="a">Hovercraft body design by Yee Wai Khuen.  2. Improvements in packaging department of Printelligence Sdn. Bhd. by Winnie Tann Mei Ching.  3. Improving on the conventional type of baby walker by Ann Pei Sze.  4. Inventory record and report using VisualBasic of Microsoft Excel by Winchell Lam Kah Khiun.  5. Layout and material handling system improvement for small and medium industrial by Liaw Chze Yee.  6. Midterm capacity requirement planning simulation by Chow Yee Wei @ Chow Yee Lian.</subfield>
  </datafield>
  <datafield tag="260" ind1="0" ind2="0">
   <subfield code="a">Nilai: </subfield>
   <subfield code="b">INTI College Malaysia, </subfield>
   <subfield code="c">August 1998.</subfield>
  </datafield>
  <datafield tag="300" ind1=" " ind2=" ">
   <subfield code="a">Volume VI.</subfield>
  </datafield>
  <datafield tag="440" ind1="0" ind2="0">
   <subfield code="a">Diploma in industrial engineering</subfield>
  </datafield>
  <datafield tag="650" ind1="0" ind2="0">
   <subfield code="a">Project paper </subfield>
  </datafield>
  <datafield tag="650" ind1="0" ind2="0">
   <subfield code="a">Industrial engineering -- </subfield>
   <subfield code="x">Project paper </subfield>
  </datafield>
  <datafield tag="700" ind1="1" ind2="1">
   <subfield code="a">TANN MEI CHING, </subfield>
   <subfield code="h">Winnie </subfield>
  </datafield>
  <datafield tag="700" ind1="1" ind2="1">
   <subfield code="a">LAM KAH KHIUN, </subfield>
   <subfield code="h">Winchell </subfield>
  </datafield>
  <datafield tag="700" ind1="1" ind2="1">
   <subfield code="a">LIAW CHZE YEE </subfield>
  </datafield>
  <datafield tag="700" ind1="1" ind2="1">
   <subfield code="a">CHOW YEE WEI @ CHOW YEE LIAN </subfield>
  </datafield>
  <datafield tag="700" ind1="1" ind2="1">
   <subfield code="a">Ann Pei Sien </subfield>
  </datafield>
 </record>
</collection>
